00605 2200241 4500001002100000005001700021008004100038035002400079082001300103090002000116100001900136245003200155250001100187260003000198300002800228650003000256850001500286980001100301985000600312999001500318999001500333999001500348YOGYA-0209000000493120090227020748.0 ind  0010-020900000004931 a001.6424 a001.6424bTos B aTOSIN, Riyanto aBanner maniacRiyanto Tosin aCet. 2 aJakartabDinastindoc1993 a2, 134 hlmbilusc21 cm aBanner (Program komputer) aYOPDYOG(B) a190505 a3 aP000069959 a94P0050198 a94P0050199